Catálogo

DERECHO PENITENCIARIO (Registro nro. 56758)

Detalles MARC
000 -LEADER
fixed length control field 01025nam a2200205 a 4500
001 - CONTROL NUMBER
control field 56758
005 - DATE AND TIME OF LATEST TRANSACTION
control field 20180714052656.0
008 - FIXED-LENGTH DATA ELEMENTS--GENERAL INFORMATION
fixed length control field 140415s2008 mx 000 0 spa d
020 ## - INTERNATIONAL STANDARD BOOK NUMBER
International Standard Book Number 9786074260007
041 ## - LANGUAGE CODE
Language code of text/sound track or separate title spa
082 ## - DEWEY DECIMAL CLASSIFICATION NUMBER
Classification number 345.72
Item number MEN
100 1# - MAIN ENTRY--PERSONAL NAME
Personal name MENDEZ PAZ, LENIN
245 10 - TITLE STATEMENT
Title DERECHO PENITENCIARIO
250 ## - EDITION STATEMENT
Edition statement 1a ed.
260 ## - PUBLICATION, DISTRIBUTION, ETC.
Place of publication, distribution, etc. MEXICO :
Name of publisher, distributor, etc. OXFORD UNIVERSITY PRESS,
Date of publication, distribution, etc. 2008
300 ## - PHYSICAL DESCRIPTION
Extent 479
Dimensions 17 x 1.7 x 23
520 ## - SUMMARY, ETC.
Summary, etc. EN DIFERENTES CENTRO PENITENCIARIOS DE LA REPUBLICA MEXICANA HAN SURGIDO BROTES DE VIOLENCIA QUE DEJAN AL DESCUBIERTO INCIONSISTENCIAS EN LA EJECUCION DE LA PENA DE PRISION, ANTE ELLO, SURGE LA DENUNCIA Y EL GRITO SOCIAL DE CATALOGAR ESTOS LUGARES COMO AUTENTICAS UNIVERSIDADES DEL CRIMEN, SUMANDO UNA CRECIENTE DESCONFIANZA DE LA SOCIEDAD EN SU CONJUNTOS HACIA LAS AUTORIDADES Y SUS PROCEDIMIENTOS. POR ELLO DEBEMOS CONTRARRESTAR ESTOS EMBATES DE DESCOMPOSICION SOCIAL CON MEDIDAS INTEGRAL
650 14 - SUBJECT ADDED ENTRY--TOPICAL TERM
Topical term or geographic name entry element DERECHO PENAL
700 1# - ADDED ENTRY--PERSONAL NAME
Personal name Díaz Aranda, Enrique,
Relator term pról.
Existencias
Withdrawn status Lost status Source of classification or shelving scheme Damaged status Not for loan Collection code Home library Current library Shelving location Date acquired Source of acquisition Inventory number Total Checkouts Full call number Barcode Date last seen Date last checked out Price effective from Koha item type
    Dewey Decimal Classification     General Biblioteca Karol Wojtyla Biblioteca Karol Wojtyla Sala general 03/12/2013 Compra 151000000000000000046209   345.72 MEN 85793 05/01/2026 17/04/2017 03/12/2013 Libro